|
|
|
|
| LEADER |
00910nam a2200217 a 4500 |
| 001 |
GR-MES2549 |
| 008 |
991111s1976 gr 000 0 gre d |
| 040 |
|
|
|a GrPaTEI
|b gre
|c GR-PaULI
|
| 245 |
0 |
0 |
|a Αγροτική πολιτική και ανάπτυξη :
|b Αρθρα και διαλέξεις.
|
| 260 |
|
|
|a Αθήνα :
|b Παπαζήσης,
|c 1976
|
| 300 |
|
|
|a 221σελ.
|
| 500 |
|
|
|a περιέχει βιβλιογραφικες αναφορές
|
| 650 |
|
4 |
|a ΑΓΡΟΤΙΚΗ ΠΟΛΙΤΙΚΗ
|
| 650 |
|
4 |
|a Γεωργία
|
| 650 |
|
4 |
|a Ελλάδα
|
| 650 |
|
4 |
|a Οικονομία
|
| 700 |
1 |
|
|a Πεπελάσης, Α.
|
| 942 |
|
|
|2 ddc
|
| 952 |
|
|
|0 0
|1 0
|2 ddc
|4 0
|6 338_371000000000000_ΠΕΠ
|7 0
|9 266946
|a MSLG
|b MSLG
|c BSC
|d 2021-01-17
|e 24
|f 0
|g 0.00
|l 0
|o 338.371 ΠΕΠ
|p 2420000005162
|r 2021-01-17 00:00:00
|t 1
|w 2021-01-17
|y BK15
|x 19991111 0 1
|x GrPaTEI
|
| 971 |
|
|
|a .b25735949
|b 15-04-20
|c 13-09-16
|
| 999 |
|
|
|c 153634
|d 153634
|